Central Library OPAC University of Rajshahi

The quality of learning : (Record no. 50276)

MARC details
000 -LEADER
fixed length control field 00604nam a2200205 a 4500
001 - CONTROL NUMBER
control field 50276
003 - CONTROL NUMBER IDENTIFIER
rucl marc code BD-RjUL
005 - DATE AND TIME OF LATEST TRANSACTION
control field 20211209075502.0
008 - FIXED-LENGTH DATA ELEMENTS--GENERAL INFORMATION
fixed length control field 160824s1951 enk 000 0 eng d
035 ## - SYSTEM CONTROL NUMBER
System control number (BD-RjUL)50396
040 ## - CATALOGING SOURCE
Original cataloging agency VU
Language of cataloging eng
Transcribing agency BD-RjUL
Modifying agency BD-RjUL
041 ## - LANGUAGE CODE
Language code of text/sound track or separate title eng
082 04 - DEWEY DECIMAL CLASSIFICATION NUMBER
Classification number 371.9
Edition number 23
Author mark and year MOQ 1951
100 1# - MAIN ENTRY--PERSONAL NAME
Personal name Morris, Ronald.
9 (RLIN) 150685
245 14 - TITLE STATEMENT
Title The quality of learning :
Remainder of title an essay concerning the education of dull children /
Statement of responsibility, etc. by Ronald Morris
260 ## - PUBLICATION, DISTRIBUTION, ETC. (IMPRINT)
Place of publication, distribution, etc. London :
Name of publisher, distributor, etc. Methuen,
Date of publication, distribution, etc. 1951
300 ## - PHYSICAL DESCRIPTION
Pagination 107 p. ;
Size 18 cm.
650 #0 - SUBJECT ADDED ENTRY--TOPICAL TERM
Topical term or geographic name as entry element Slow learning children.
9 (RLIN) 142530
942 ## - ADDED ENTRY ELEMENTS (KOHA)
Source of classification or shelving scheme Dewey Decimal Classification
Koha item type Books
Holdings
Lost status Source of classification or shelving scheme Damaged status Not for loan Collection code Permanent Location Current Location Shelving location Date acquired Source of acquisition Cost, normal purchase price Total Checkouts Full call number Date last seen Copy number Koha item type
  Dewey Decimal Classification     Non-fiction Central Library, University of Rajshahi Central Library, University of Rajshahi   03/02/1955 U.B.D. 4.12   371.9 MOQ 1951 24/08/2016 C-2 Books
  Dewey Decimal Classification     Non-fiction Central Library, University of Rajshahi Central Library, University of Rajshahi   03/02/1955 U.B.D. 4.12   371.9 MOQ 1951 24/08/2016 C-3 Books